000 00567nmm a2200193Ia 4500
008 251105s9999||||xx |||||||||||||||||und||
020 _a9788416465262
041 _aspa
100 _aSchulz, Kathryn
245 0 _aEn defensa del error :
_b Un ensayo sobre el arte de equivocarse
264 _a[Madrid, España] :
_bSiruela,
_c2015
300 _a343 páginas
490 _aEl ojo del tiempo
650 _aPhilosophy, Ethics
700 _aSchulz, Kathryn
700 1 _a Condor, María
856 _uhttps://public.digitaliapublishing.com/a/44745
942 _cCF
999 _c71252
_d71252